|
|
|
|
| LEADER |
00000nam a2200000 a 4500 |
| 001 |
UCK4518 |
| 003 |
CL-VaPUC |
| 008 |
050610e19960000AG |||||||||||||||||spa|d |
| 020 |
|
|
|a 9875000051
|
| 082 |
0 |
4 |
|a 901
|b CHA
|2 21
|
| 100 |
0 |
|
|a Chartier, Roger
|e author
|9 493043
|
| 245 |
1 |
0 |
|a Escribir las Prácticas: Foucault, de Certeau, Marin
|
| 300 |
|
|
|a 127 p
|
| 942 |
|
|
|c BK
|
| 945 |
|
|
|d 20050610 00:00:00
|a cmena
|
| 260 |
|
|
|a Buenos Aires
|b Manantial
|c 1996
|
| 650 |
|
0 |
|a Filosofía de la historia
|9 265651
|
| 650 |
|
0 |
|a Análisis del discurso
|9 256696
|
| 650 |
|
0 |
|a Crítica e interpretación
|9 255042
|
| 650 |
|
0 |
|a Ensayo
|9 368802
|
| 583 |
|
|
|a last modification
|c 20160915 12:32:34
|k Rodrigo Vera
|
| 999 |
|
|
|c 313349
|d 313347
|
| 952 |
|
|
|0 0
|1 0
|4 0
|6 901_000000000000000_CHA_1996
|7 0
|8 A
|9 384663
|a FDOPOS
|b BIBEDU
|d 2019-11-22
|i 4123956
|l 4
|o 901 CHA 1996
|p 4123956
|r 2025-04-16
|s 2025-01-21
|w 2019-11-22
|y BK
|k MLH
|
| 952 |
|
|
|0 0
|1 0
|4 0
|6 901_000000000000000_CHA_1996
|7 0
|8 A
|9 384664
|a BIBCUR
|b BIBCUR
|d 2019-11-22
|i 4496302
|o 901 CHA 1996
|p 4496302
|r 2025-04-22
|w 2019-11-22
|y BK
|k MGC
|